| 000 | 01666pam a2200349 i 4500 | ||
|---|---|---|---|
| 001 | 1948 | ||
| 003 | Uk | ||
| 005 | 20231020085056.0 | ||
| 008 | 140327s2014 enka j 000 1 eng d | ||
| 015 |
_aGBB447524 _2bnb |
||
| 016 | 7 |
_a016708314 _2Uk |
|
| 020 | _a9781407144849 | ||
| 040 |
_aStDuBDS _beng _cStDuBDS _dUk _erda |
||
| 042 | _aukblcatcopy | ||
| 082 | 0 | 4 |
_a823.92 _223 |
| 100 | 1 | _aHinton, Jon, | |
| 245 | 1 | 4 |
_aThe big race / _cJon Hinton ; illustrated by TADO. |
| 264 | 1 |
_aLondon : _bScholastic, _c2014. |
|
| 300 |
_a28 unnumbered pages : _bcolor illustrations ; _c28 cm. |
||
| 336 |
_atext _2rdacontent |
||
| 336 |
_astill image _2rdacontent |
||
| 337 |
_aunmediated _2rdamedia |
||
| 338 |
_avolume _2rdacarrier |
||
| 490 | 0 | _aMonster trucks | |
| 505 | _aK | ||
| 520 | _aThese are no ordinary monsters... These monsters have wheels... These are MONSTER TRUCKS! Today's the big day - the Monster Trucks Race. Bolt, Newton, Roxy, Chunk, Skittle and Masher are all revving up their engines, ready to find out who the fastest truck of the town really is. But there's trouble around the racetrack, and teamwork skills are called for... Perfect for fans of Moshi Monsters and Disney's Cars, this is an exciting new e-book picture book in a brand new series ready to race your way! Features bright, bold, eye-catching illustrations by the the well known artist duo TADO whose work has featured on everything from designer toys and fashion to advertising campaigns. | ||
| 521 | 8 |
_a510
_bLexile estimate |
|
| 521 | 8 |
_aK
_bRaz-Plus |
|
| 655 | 7 |
_aChildren's stories _vPictorial works. _2gsafd |
|
| 700 |
_aTADO _dillustrator |
||
| 942 |
_2ddc _cBK _n0 |
||
| 999 |
_c1948 _d1948 |
||